| 000 | 00532nam a22001937a 4500 | ||
|---|---|---|---|
| 003 | OSt | ||
| 005 | 20210129130214.0 | ||
| 008 | 2019 ||||| |||| 00| 0 spa d | ||
| 020 | _a9789945805833 | ||
| 040 |
_aDO-SdBNP _bspa _cBNPHU |
||
| 082 |
_axxx _bR466m |
||
| 100 | 1 | 0 |
_aReynoso, Segundo _977716 |
| 245 |
_aMemorias de New York / _cSegundo Reynoso |
||
| 260 |
_aSanto Domingo : _bBùho, _c2019 |
||
| 300 |
_a142 p. : _bil. ; _c24 cm |
||
| 590 | _aInventariado, 2021 / DG | ||
| 910 | _aInventariado, 2021 / DG | ||
| 942 |
_2ddc _cLBS1 |
||
| 999 |
_c49345 _d49345 |
||